Statistics for American Corporate Slogans Quiz #1

Click here to take the quiz!

General Stats

  • This quiz has been taken 61,740 times
    (49,557 since last reset)
  • The average score is 10 of 21

Answer Stats

SloganBrand% Correct
Just do itNike
98%
It gives you wingsRed Bull
83%
Taste the rainbowSkittles
82%
Eat freshSubway
75%
Snap! Crackle! Pop! Rice Krispies
70%
Have it your wayBurger King
61%
Eat mor chikinChick-fil-A
49%
The quicker picker-upperBounty
44%
Think outside the bun Taco Bell
42%
Think differentApple
37%
What’s in your wallet? Capital One
37%
Don't leave home without itAmerican Express
36%
Obey your thirstSprite
36%
Double your pleasure,
double your fun
Wrigley's
Doublemint Gum
36%
Plop plop, fizz fizzAlka-Seltzer
35%
Fly the friendly skiesUnited Airlines
33%
The champagne of beersMiller High Life
30%
The FreshmakerMentos
28%
Fair and balancedFox News
23%
Reach out and touch someoneAT&T
22%
When it rains it poursMorton Salt
18%

Score Distribution

Percentile by Number Answered

Percent of People with Each Score

Your Score History

You have not taken this quiz since the last reset